<?xml version="1.0" encoding="UTF-8"?><record xmlns="http://www.loc.gov/MARC21/slim" xmlns:zs="http://docs.oasis-open.org/ns/search-ws/sruResponse">
  <leader>03064ckd a22006017a 4500</leader>
  <controlfield tag="001">19796537</controlfield>
  <controlfield tag="005">20250607080406.7</controlfield>
  <controlfield tag="007">cr |||||||||||</controlfield>
  <controlfield tag="007">kg b||</controlfield>
  <controlfield tag="008">970501s1938    ncunnn       f    kneng  </controlfield>
  <datafield ind1=" " ind2=" " tag="035">
    <subfield code="a">19796537</subfield>
  </datafield>
  <datafield ind1=" " ind2=" " tag="906">
    <subfield code="a">0</subfield>
    <subfield code="b">cbc</subfield>
    <subfield code="c">orignew</subfield>
    <subfield code="d">u</subfield>
    <subfield code="e">unde</subfield>
    <subfield code="f">20</subfield>
    <subfield code="g">y-printpho</subfield>
  </datafield>
  <datafield ind1=" " ind2=" " tag="955">
    <subfield code="a">LCAP batch update 2025-06-02-04:00: LCAPM-861</subfield>
  </datafield>
  <datafield ind1=" " ind2=" " tag="010">
    <subfield code="a">  2017717044</subfield>
  </datafield>
  <datafield ind1=" " ind2=" " tag="035">
    <subfield code="a">(DLC)fsa1997003218/PP</subfield>
  </datafield>
  <datafield ind1=" " ind2=" " tag="037">
    <subfield code="a">LC-DIG-fsa-8a03228</subfield>
    <subfield code="b">DLC</subfield>
    <subfield code="c">(digital file from original neg.)</subfield>
  </datafield>
  <datafield ind1=" " ind2=" " tag="037">
    <subfield code="a">LC-DIG-ppmsc-00216</subfield>
    <subfield code="b">DLC</subfield>
    <subfield code="c">(digital file from print showing mount)</subfield>
  </datafield>
  <datafield ind1=" " ind2=" " tag="037">
    <subfield code="a">LC-DIG-ppmsca-05629</subfield>
    <subfield code="b">DLC</subfield>
    <subfield code="c">(digital file from print)</subfield>
  </datafield>
  <datafield ind1=" " ind2=" " tag="037">
    <subfield code="a">LC-USF33-T01-001112-M1</subfield>
    <subfield code="b">DLC</subfield>
    <subfield code="c">(b&amp;w film dup. neg., 70mm size)</subfield>
  </datafield>
  <datafield ind1=" " ind2=" " tag="037">
    <subfield code="a">LC-USF3301-001112-M1</subfield>
    <subfield code="b">DLC</subfield>
    <subfield code="c">(b&amp;w film dup. neg., 4x5 size)</subfield>
  </datafield>
  <datafield ind1=" " ind2=" " tag="037">
    <subfield code="a">LC-USZ62-100414</subfield>
    <subfield code="b">DLC</subfield>
    <subfield code="c">(b&amp;w film copy neg. from print)</subfield>
  </datafield>
  <datafield ind1=" " ind2=" " tag="040">
    <subfield code="a">DLC</subfield>
    <subfield code="b">eng</subfield>
    <subfield code="c">DLC</subfield>
    <subfield code="e">gihc</subfield>
  </datafield>
  <datafield ind1="0" ind2="0" tag="050">
    <subfield code="a">LC-USF33-</subfield>
    <subfield code="b">001112-M1</subfield>
  </datafield>
  <datafield ind1=" " ind2=" " tag="084">
    <subfield code="a">E</subfield>
    <subfield code="b">90666</subfield>
    <subfield code="2">z</subfield>
  </datafield>
  <datafield ind1=" " ind2=" " tag="090">
    <subfield code="3">Possible associated group of images</subfield>
    <subfield code="a">LOT 1524A</subfield>
  </datafield>
  <datafield ind1="1" ind2=" " tag="100">
    <subfield code="a">Vachon, John,</subfield>
    <subfield code="d">1914-1975,</subfield>
    <subfield code="e">photographer.</subfield>
  </datafield>
  <datafield ind1="1" ind2="0" tag="245">
    <subfield code="a">Drinking fountain on the county courthouse lawn, Halifax, North Carolina</subfield>
    <subfield code="h">[graphic].</subfield>
  </datafield>
  <datafield ind1=" " ind2=" " tag="260">
    <subfield code="c">1938 Apr.</subfield>
  </datafield>
  <datafield ind1=" " ind2=" " tag="300">
    <subfield code="a">1 negative :</subfield>
    <subfield code="b">nitrate ;</subfield>
    <subfield code="c">35 mm.</subfield>
  </datafield>
  <datafield ind1=" " ind2=" " tag="336">
    <subfield code="a">still image</subfield>
    <subfield code="b">sti</subfield>
    <subfield code="2">rdacontent</subfield>
  </datafield>
  <datafield ind1=" " ind2=" " tag="337">
    <subfield code="a">unmediated</subfield>
    <subfield code="b">n</subfield>
    <subfield code="2">rdamedia</subfield>
  </datafield>
  <datafield ind1=" " ind2=" " tag="337">
    <subfield code="3">Digital image</subfield>
    <subfield code="a">computer</subfield>
    <subfield code="b">c</subfield>
    <subfield code="2">rdamedia</subfield>
  </datafield>
  <datafield ind1=" " ind2=" " tag="338">
    <subfield code="a">sheet</subfield>
    <subfield code="b">nb</subfield>
    <subfield code="2">rdacarrier</subfield>
  </datafield>
  <datafield ind1=" " ind2=" " tag="338">
    <subfield code="3">Digital image</subfield>
    <subfield code="a">online resource</subfield>
    <subfield code="b">cr</subfield>
    <subfield code="2">rdacarrier</subfield>
  </datafield>
  <datafield ind1=" " ind2=" " tag="500">
    <subfield code="a">Title and other information from file print.</subfield>
  </datafield>
  <datafield ind1=" " ind2=" " tag="540">
    <subfield code="a">No known restrictions. For information, see U.S. Farm Security Administration/Office of War Information Black &amp; White Photographs</subfield>
    <subfield code="u">http://www.loc.gov/rr/print/res/071_fsab.html</subfield>
  </datafield>
  <datafield ind1=" " ind2=" " tag="541">
    <subfield code="c">Transfer;</subfield>
    <subfield code="a">United States. Office of War Information. Overseas Picture Division. Washington Division;</subfield>
    <subfield code="d">1944.</subfield>
  </datafield>
  <datafield ind1=" " ind2=" " tag="545">
    <subfield code="a">More information about the FSA/OWI Collection is available at</subfield>
    <subfield code="u">http://hdl.loc.gov/loc.pnp/pp.fsaowi</subfield>
  </datafield>
  <datafield ind1="8" ind2=" " tag="581">
    <subfield code="a">Published in: "African Americans" chapter of the ebook Great Photographs from the Library of Congress, 2013.</subfield>
  </datafield>
  <datafield ind1=" " ind2="7" tag="650">
    <subfield code="a">African Americans</subfield>
    <subfield code="x">Civil rights.</subfield>
    <subfield code="2">lctgm</subfield>
  </datafield>
  <datafield ind1=" " ind2="7" tag="650">
    <subfield code="a">Segregation.</subfield>
    <subfield code="2">lctgm</subfield>
  </datafield>
  <datafield ind1="0" ind2=" " tag="653">
    <subfield code="a">Small towns--North Carolina</subfield>
  </datafield>
  <datafield ind1=" " ind2="7" tag="655">
    <subfield code="a">Nitrate negatives.</subfield>
    <subfield code="2">gmgpc</subfield>
  </datafield>
  <datafield ind1=" " ind2=" " tag="752">
    <subfield code="a">United States</subfield>
    <subfield code="b">North Carolina</subfield>
    <subfield code="d">Halifax.</subfield>
  </datafield>
  <datafield ind1="0" ind2=" " tag="773">
    <subfield code="t">Farm Security Administration - Office of War Information Photograph Collection (Library of Congress)</subfield>
    <subfield code="w">(DLC)  2002708960</subfield>
  </datafield>
  <datafield ind1=" " ind2=" " tag="852">
    <subfield code="a">Library of Congress</subfield>
    <subfield code="b">Prints and Photographs Division</subfield>
    <subfield code="e">Washington, DC 20540 USA</subfield>
    <subfield code="n">dcu</subfield>
    <subfield code="u">http://hdl.loc.gov/loc.pnp/pp.print</subfield>
  </datafield>
  <datafield ind1="4" ind2="1" tag="856">
    <subfield code="3">(digital file from original neg.)</subfield>
    <subfield code="d">fsa</subfield>
    <subfield code="f">8a03228</subfield>
    <subfield code="q">p</subfield>
    <subfield code="u">http://hdl.loc.gov/loc.pnp/fsa.8a03228</subfield>
  </datafield>
  <datafield ind1="4" ind2="1" tag="856">
    <subfield code="3">(original print)</subfield>
    <subfield code="d">ppmsc</subfield>
    <subfield code="f">00216</subfield>
    <subfield code="q">p</subfield>
    <subfield code="u">http://hdl.loc.gov/loc.pnp/ppmsc.00216</subfield>
  </datafield>
  <datafield ind1="4" ind2="1" tag="856">
    <subfield code="3">(original print)</subfield>
    <subfield code="d">ppmsca</subfield>
    <subfield code="f">05629</subfield>
    <subfield code="q">p</subfield>
    <subfield code="u">http://hdl.loc.gov/loc.pnp/ppmsca.05629</subfield>
  </datafield>
  <datafield ind1="4" ind2="1" tag="856">
    <subfield code="3">b&amp;w film copy neg. of print</subfield>
    <subfield code="d">cph</subfield>
    <subfield code="f">3c00414</subfield>
    <subfield code="q">p</subfield>
    <subfield code="u">http://hdl.loc.gov/loc.pnp/cph.3c00414</subfield>
  </datafield>
  <datafield ind1=" " ind2=" " tag="985">
    <subfield code="a">pp/fsa</subfield>
    <subfield code="e">ammem</subfield>
  </datafield>
  <datafield ind1=" " ind2=" " tag="985">
    <subfield code="a">pp/diof</subfield>
  </datafield>
  <datafield ind1=" " ind2=" " tag="991">
    <subfield code="b">c-P&amp;P</subfield>
    <subfield code="v">obj.</subfield>
  </datafield>
</record>
